000 00577nam a2200205Ia 4500
003 OSt
005 20260428123734.0
008 210210b1990 xxu||||| |||| 00| 0 eng d
040 _cAL
041 _aKannada
082 _a927K NARS
100 _aNARAYANARAV (G T)
_dನಾರಾಯಣರಾವ್ (ಜಿ ಟಿ)
_9263030
245 _aShathrugana
_bಶತ್ರುಘ್ನ
260 _aMangaluru.
_bDaththathreya Prakashana.,
_c1990
300 _aviii,160
650 _aArtists, Musicians
_9263031
690 _aBiography
_9263032
906 _a043805
942 _2ddc
_cBK
999 _c93477
_d93477